[Event "80th GEO-ch 2021"]
[Site "Tbilisi"]
[Date "2021.04.20"]
[Round "1.1"]
[White "Pantsulaia, Levan"]
[Black "Azaladze, Shota"]
[Result "1-0"]
[WhiteElo "2553"]
[BlackElo "2439"]
[Annotator "TA"]
[PlyCount "203"]
[EventDate "2021.04.20"]
[EventType "tourn"]
[EventCountry "GEO"]
[SourceTitle "playchess.com"]
[Source "ChessBase"]
[SourceQuality "1"]

{[%evp 22,203,22,0,0,0,0,0,0,0,0,0,0,0,89,91,83,73,91,83,93,114,75,41,41,41,41,41,47,50,39,40,50,65,44,41,49,52,125,124,134,114,142,117,174,172,194,193,179,113,135,68,90,72,71,77,70,80,88,62,300,287,277,278,295,200,233,106,233,233,233,233,233,226,233,226,226,226,226,226,263,263,288,226,226,226,226,219,219,213,213,213,213,206,208,208,231,231,231,231,231,231,224,224,224,201,224,224,252,210,210,210,210,210,210,210,342,210,441,210,210,210,210,210,466,466,466,466,466,466,466,466,466,466,466,466,466,466,466,466,466,466,466,466,466,466,466,466,466,466,466,466,466,466,466,466,466,466,466,466,466,466,474,466,466,466,466,466,466,466,466,466,474,474,474,459,485,485,485,485,485,480,29984,29985]} 1. c4 c5 2. Nc3 Nc6 3. Nf3 e5 4. g3 g6 5. Bg2 Bg7 6. d3 Nge7 7. a3 d6 8. Rb1 a5 9. O-O O-O 10. Bd2 h6 11. Ne1 Be6 12. Nc2 d5 {A37: Symmetrical English vs ...g6: 4 Bg2 Bg7 5 Nf3.} 13. cxd5 Nxd5 14. Ne3 {[%cal Rg2d5]} Nde7 {The position is equal.} 15. Na4 b6 16. b4 cxb4 17. axb4 {Strongly threatening b5.} Ra7 (17... b5 $1 $11 {remains equal.} 18. Nc5 a4) 18. bxa5 $16 bxa5 19. Nc5 Bc8 20. Nc4 {[#]} Nd4 $146 ({Predecessor:} 20... Nd5 21. Re1 Nd4 22. Qc1 Kh7 23. e3 Ne6 24. Qa3 a4 25. Rec1 Ng5 26. e4 Ne7 27. Bxg5 hxg5 {0-1 (42) Veng,J (2253)-Vinter Schou,U (2361) Denmark 2020}) 21. e3 Ne6 22. Rb5 {[%cal Rd2a5]} (22. Ne4 {is interesting.} Ra6 23. Bc3 f5 24. Ned2 Qxd3 25. Bxe5 Bxe5 26. Nxe5 Qd6 27. Ndc4) 22... Nxc5 23. Rxc5 {[%cal Rd2a5]} Qxd3 24. Bxa5 ({Avoid the trap} 24. Nxe5 $2 Bxe5 25. Bxa5 (25. Rxe5 $2 Rd8 $19) 25... Qd6 $19) 24... Qxd1 25. Rxd1 Bg4 {[#]} 26. Bb6 $1 Ra6 (26... Bxd1 27. Bxa7) 27. Rc1 Be6 {White must now prevent ...Bxc4.} 28. Bc7 f6 29. Na5 Bf7 (29... Re8 $14) 30. Bb7 Re6 31. Rd1 Re8 32. Rcc1 e4 (32... f5 $16 33. Nc4 Nc8) 33. Nb3 $1 $18 f5 34. Nc5 $1 Rf6 35. Rd7 (35. Bd8 $18) 35... Be6 36. Rd8 (36. Nxe6 $16 Rxe6 37. Rc5) 36... Rxd8 $1 $14 37. Bxd8 Kf7 38. Ra1 Bc4 39. Rd1 $1 Bb5 40. h4 Bc6 $2 ({Better is} 40... h5 $14) 41. Ba6 $18 Ke8 {intending ...Ba4.} 42. Bc4 Bf8 43. Bc7 {[%csl Gc7][%cal Rd1d8]} Nd5 {[#]} 44. Bxd5 (44. Be5 $1 $18 {has better winning chances.} Bxc5 45. Bxd5 Bxd5 46. Bxf6) 44... Bxc5 (44... Bxd5 $16 45. Rxd5 Rc6) 45. Be5 Bxd5 46. Bxf6 {[%mdl 4096] Endgame KRB-KB} Be6 47. Rd8+ Kf7 48. Bd4 Be7 49. Ra8 Bc4 50. Rc8 Be2 51. Rc2 Bb5 52. Rb2 Bc4 53. Rb7 Ke8 54. Rb6 Kf7 55. h5 gxh5 56. Rxh6 Be2 57. f4 exf3 58. Kf2 Bg5 59. Rxh5 Kg6 60. Rh8 Be7 61. Rb8 Kf7 62. Rb6 Bd8 63. Rh6 Bg5 64. Rh7+ Ke6 65. Rh5 Bd8 66. e4 fxe4 67. Re5+ {[%mdl 64] Double Attack} Kf7 {and the idea ...Bd3 leaves Black hopeful.} 68. Rxe4 Bg5 (68... Kg6 $142 69. Re5 Bg5) 69. Re5 Bd8 $2 (69... Kg6 70. Bc5 Bd8) 70. Rd5 (70. Rh5 $142) 70... Be7 71. Kg1 Kg6 72. Kh2 Bg5 $2 (72... Bc4 {was worth a try.} 73. Rd7 Bf8) 73. Kh3 Be7 74. Bf2 Bg5 75. Rd6+ Kf7 76. Rc6 Bf6 77. g4 Bg5 78. Kg3 Kg7 79. Re6 Kf7 80. Re5 Kg6 81. Rf5 Bd1 82. Bd4 Be2 83. Re5 Bd2 84. Re6+ Kf7 85. Rf6+ Ke7 86. Rf5 Ke6 87. Bf2 Bh6 88. Kh4 Bd2 89. Kh5 Bc1 90. Ra5 Bf4 91. Ra8 Ke7 92. Kg6 Bd3+ {[#]} 93. Kg7 $1 Be2 94. Ra5 Ke6 95. g5 Bd2 96. Rc5 Bb4 97. Rc8 Bd6 98. g6 Bd3 99. Re8+ Kf5 100. Re3 Be4 101. Kh7 Kf4 {[#]} (101... Be5 $18 102. g7 Bxg7 103. Kxg7 Bd5) 102. Rxe4+ $1 {[%mdl 576] Promotion.  Weighted Error Value: White=0.12/Black=0.23} 1-0

[Event "80th GEO-ch 2021"]
[Site "Tbilisi"]
[Date "2021.04.20"]
[Round "1.2"]
[White "Lortkipanidze, Nodar"]
[Black "Paichadze, Luka"]
[Result "1/2-1/2"]
[WhiteElo "2416"]
[BlackElo "2565"]
[Annotator "TA"]
[PlyCount "106"]
[EventDate "2021.04.20"]
[EventType "tourn"]
[EventCountry "GEO"]
[SourceTitle "playchess.com"]
[Source "ChessBase"]
[SourceQuality "1"]

{[%evp 14,106,44,10,20,10,27,0,37,27,25,43,33,42,42,36,52,36,32,-24,-10,-54,-29,-14,-21,-15,-14,-87,0,0,0,0,0,0,0,0,0,0,0,0,0,0,-1,-82,-81,-81,-86,-81,-87,-181,-175,-362,-361,-345,-351,-343,-355,-533,-533,-520,-518,-518,-495,-616,-439,-436,-410,-524,-528,-539,-501,-561,-506,-692,-314,-460,-441,-426,-359,-428,0,-375,-12,-13,-13,-13,-8,-8,0,0,0,-8,0,0,0]} 1. e4 Nc6 2. Nf3 d6 3. d4 Nf6 4. Nc3 g6 5. h3 Bg7 6. Be3 O-O 7. Qd2 a6 8. a4 e5 {B08: Pirc Defence: Classical System.} 9. d5 Ne7 10. g4 c6 11. dxc6 $1 bxc6 12. O-O-O d5 13. Nxe5 Be6 {[#]} 14. f4 $146 ({Predecessor:} 14. Bg2 Nxe4 15. Nxe4 dxe4 16. Nd7 Bxd7 17. Qxd7 Qb8 18. c3 Nd5 19. Bd4 Qf4+ 20. Kb1 Bxd4 21. Rxd4 Qxf2 22. Bxe4 Rab8 23. Bc2 Nxc3+ 24. Kc1 Ne2+ {0-1 (24) Pogosyan,S (2340)-Gasanov,E (2490) Moscow 2018}) 14... Nxe4 15. Nxe4 dxe4 16. Qb4 ({Better is} 16. Qxd8 $14 Rfxd8 17. Rxd8+ Rxd8 18. Bc5 (18. Bxa6 Ra8 $11)) 16... Qc7 $11 {With the idea ...Rab8.} 17. Bc5 {[#]} (17. Qxe4 Bd5 $19) (17. Bb6 $5 {[%cal Rb6c7]} Qb8 18. Bc5 $15) 17... Rfb8 $1 18. Qa3 ({Don't blunder} 18. Qxe4 $2 Bd5 $17) 18... Nd5 {[%cal Be7d5,Bd5c3,Bc3d1][%mdl 32]} 19. Bd6 Qb7 20. f5 (20. Bg2 $1 $11 {remains equal.}) 20... Bh6+ (20... gxf5 $17 21. gxf5 Bxf5) 21. Kb1 Qxb2+ $1 {[%mdl 64] Remove Defender} 22. Qxb2 Nc3+ $1 {[%mdl 64] Double Attack} 23. Ka1 Rxb2 24. Kxb2 Nxd1+ 25. Ka1 $1 gxf5 26. gxf5 Bxf5 {Hoping for ...Bg7.} 27. Bc4 $1 Ne3 28. Bxf7+ (28. Rg1+ $1 $11 {keeps the balance.} Bg7 29. Bxf7+ Kh8 30. Kb1) 28... Kg7 $17 29. Bb3 Bf4 30. Rg1+ Bg6 31. h4 (31. Ka2 $17) 31... Rd8 $19 32. Nf7 (32. Nxg6 Bxd6 33. Ne5+ Kf6 34. Nf7 Be5+ 35. Kb1) 32... Rxd6 ({Worse is} 32... Bxd6 33. Nxd8 Be7 34. Nxc6 $11) 33. Nxd6 Bxd6 34. h5 {[#]} Bh2 $1 35. Rg5 {[#]} (35. Re1 $142 Ng2 36. Rh1) 35... Kf6 $1 36. Ra5 Be5+ 37. Kb1 Be8 38. Rxa6 Nd1 39. Kc1 Nc3 40. Kd2 Bd4 41. Bc4 e3+ 42. Ke1 Ke5 43. h6 Bc5 (43... Ne4 $142 {aiming for ...Bc3+.} 44. Kd1 Bc5) 44. Bd3 (44. Ra5 {was the only defense.} Ne4 45. Bd3) 44... Bb4 45. Rb6 Ba5 46. Ra6 Bb4 47. Rb6 $1 {[%cal Rb6b4] [#]} Nd5+ (47... Be7 $1 $19 48. a5 Bg6) 48. Rxb4 $1 $11 {The position is equal.} Nxb4 49. Bxh7 c5 50. c3 Bxa4 {Strongly threatening ...Nc6.} 51. cxb4 cxb4 52. Bg8 {h7 is the strong threat.} Bc2 53. h7 Bxh7 $1 {Black had all chances to win.  Weighted Error Value: White=0.39/Black=0.46} 1/2-1/2

[Event "80th GEO-ch 2021"]
[Site "Tbilisi"]
[Date "2021.04.20"]
[Round "1.3"]
[White "Shanava, Konstantine"]
[Black "Gagunashvili, Merab"]
[Result "1/2-1/2"]
[WhiteElo "2504"]
[BlackElo "2584"]
[Annotator "TA"]
[PlyCount "61"]
[EventDate "2021.04.20"]
[EventType "tourn"]
[EventCountry "GEO"]
[SourceTitle "playchess.com"]
[Source "ChessBase"]
[SourceQuality "1"]

{[%evp 11,61,-11,-4,-6,19,5,7,10,11,1,12,1,2,0,7,-72,-41,-53,-36,-106,0,0,0,0,4,-133,0,0,0,0,0,0,0,0,0,0,0,0,0,0,0,0,0,0,0,0,0,0,0,0,0,0]} 1. c4 e5 2. Nc3 Nf6 3. g3 Bb4 4. Bg2 O-O 5. e4 Nc6 6. Nge2 Bc5 7. O-O {A25: English Opening vs King's Indian with ...Nc6 but without early d3.} Nd4 8. Nxd4 Bxd4 9. Ne2 Bb6 10. b3 {[#]} d6 $146 ({Predecessor:} 10... Re8 11. Bb2 c6 12. d4 d6 13. Qc2 Bg4 14. f3 Be6 15. Rad1 Qc8 16. Kh1 Bh3 {1-0 (30) Hort,V-Van den Berg,C Wijk aan Zee 1971}) 11. h3 c6 12. d3 h6 13. g4 (13. Qc2 $11) 13... Bxg4 14. hxg4 Nxg4 15. Bf3 {[#]} ({White should play} 15. Bh3 $15 f5 16. Bxg4 fxg4 17. Qe1) 15... Qh4 (15... f5 $1 $17 {And now ...Qh4 would win.} 16. Bxg4 fxg4) 16. Bxg4 $11 Qxg4+ 17. Kh2 f5 18. f3 (18. Ng3 $11 {was the only way to keep the balance.} Qh4+ 19. Kg2) 18... Qh4+ (18... Qh5+ $17 19. Kg2 Qg6+ 20. Kh2 Rf6 21. exf5 Rxf5) 19. Kg2 {The position is equal.} fxe4 20. dxe4 Rf6 {[#] ( -> ...Rg6+)} 21. Ng3 {Threatens to win with Rh1.} Rg6 {[%csl Gh4][%cal Rg6g3]} 22. Qe1 Ba5 23. Qf2 Bb6 24. Qe1 Bd4 25. Rb1 Bc3 26. Qf2 Bd4 27. Qe1 Bc3 28. Qf2 Bd4 29. Qe1 Bc3 30. Qf2 Bd4 31. Qe1 {Weighted Error Value: White=0.28/Black=0.18} 1/2-1/2

[Event "80th GEO-ch 2021"]
[Site "Tbilisi"]
[Date "2021.04.20"]
[Round "1.4"]
[White "Quparadze, Giga"]
[Black "Kacharava, Nikolozi"]
[Result "1/2-1/2"]
[WhiteElo "2463"]
[BlackElo "2443"]
[Annotator "TA"]
[PlyCount "120"]
[EventDate "2021.04.20"]
[EventType "tourn"]
[EventCountry "GEO"]
[SourceTitle "playchess.com"]
[Source "ChessBase"]
[SourceQuality "1"]

{[%evp 12,120,14,9,12,14,7,7,11,0,22,0,0,0,0,0,0,0,7,0,25,31,15,21,90,83,83,79,79,78,72,75,177,145,135,19,56,46,61,18,25,10,11,0,0,0,0,0,0,0,9,6,9,0,27,27,39,34,48,26,27,27,27,27,51,17,51,51,86,86,86,43,51,58,63,33,33,0,20,0,0,0,0,0,0,0,27,19,25,27,35,36,35,41,41,2,2,2,10,0,10,0,0,0,0,0,0,0,0,0,0]} 1. e4 c5 2. Nf3 e6 3. d4 cxd4 4. Nxd4 Nc6 5. Nb5 d6 6. c4 Nf6 7. N1c3 a6 {B44: Sicilian: Taimanov: 5 Nb5.} 8. Na3 Qa5 9. Bd2 Be7 10. Be2 O-O 11. O-O Qe5 12. Bd3 Nb4 13. Bb1 d5 14. exd5 exd5 15. Re1 {[#]} Qd6 $146 ({Predecessor:} 15... Qc7 16. cxd5 Rd8 17. Qe2 Bd6 18. h3 Bd7 19. Ne4 Nbxd5 20. Nxd6 Qxd6 21. Nc4 Qc7 {½-½ (85) Stevens,C (2260)-Grieve,H (2351) Chess.com INT 2020}) 16. cxd5 $1 Nbxd5 17. Nc4 Qd8 (17... Qc5 $11 18. Nxd5 Nxd5) 18. Nxd5 $16 Nxd5 19. Ba5 b6 {[#]} 20. Be4 $1 bxa5 (20... Ra7 21. Bxd5) 21. Bxd5 Rb8 (21... Ra7 $16 {was called for.}) 22. Ne5 $1 $18 {[%cal Re5c6]} Bb7 {[#]} 23. Bb3 (23. Bxf7+ $1 $16 Rxf7 24. Nxf7 Qxd1 25. Raxd1) 23... Bd6 24. Qh5 {[%cal Re5f7]} Bxe5 25. Rxe5 Qd4 26. Rae1 g6 27. Qh6 Bc6 $1 {Threatening ...a4.} 28. Re7 (28. Rxa5 $2 Rbe8 $19) 28... Qg4 {[%csl Gc6][%cal Rg4g2]} 29. f3 Qd4+ ({But not} 29... Bxf3 $2 {[#]} 30. Bxf7+ $1 {[%mdl 512]} Kh8 31. Qd2 $18) 30. Kh1 Bd5 (30... Qf6 {is interesting.} 31. R1e6 Qd4 32. Re5 Qf2 33. h3 Bxf3 34. gxf3 Qxf3+ 35. Kg1 Qg3+) 31. Bxd5 Qxd5 32. b3 $40 {[%mdl 128] White mounts an attack.} a4 (32... Qd8 {is interesting.} 33. Qc1 Rb4 34. Qa3 Rd4 35. h3 Rd2) 33. R7e4 Qa5 34. bxa4 Qc3 35. h4 Rbd8 36. Qf4 Rd5 37. Kh2 Qc6 38. Re7 Qd6 39. R1e4 Qxf4+ 40. Rxf4 $14 {[%mdl 4096] Endgame KRR-KRR} a5 41. a3 f5 42. Rc4 {Hoping for Rcc7.} Rf7 $1 {[%cal Rf7e7]} 43. Re8+ Kg7 44. Kg3 Rfd7 45. Rec8 Rd4 46. R8c5 {Black must now prevent Rxd4.} Kh6 47. Kh3 {And now Rxd4 would win.} (47. Rxd4 {is more complex.} Rxd4 48. Rxa5 Kh5 49. Ra7 h6 50. Kf2) 47... Rxc4 48. Rxc4 $11 {White wants to play Rc5. KR-KR} Kh5 49. Rc5 Rd4 $1 50. g4+ Kh6 51. Rxa5 {Threatens to win with Ra7.} fxg4+ 52. fxg4 Rd3+ 53. Kg2 {Ra7 is the strong threat.} Rxa3 {The position is equal.} 54. Ra7 {next Kh2 is good for White.} Rb3 55. a5 {Strongly threatening g5+.} Ra3 56. a6 {aiming for g5+.} g5 57. Ra8 gxh4 58. Kh2 Kg7 59. a7 h6 60. Kg2 Kh7 {Weighted Error Value: White=0.08/Black=0.09} 1/2-1/2

[Event "80th GEO-ch 2021"]
[Site "Tbilisi"]
[Date "2021.04.21"]
[Round "2.1"]
[White "Azaladze, Shota"]
[Black "Arabidze, Meri"]
[Result "1/2-1/2"]
[WhiteElo "2439"]
[BlackElo "2437"]
[Annotator "TA"]
[PlyCount "83"]
[EventDate "2021.04.20"]
[EventType "tourn"]
[EventCountry "GEO"]
[SourceTitle "playchess.com"]
[Source "ChessBase"]
[SourceQuality "1"]

{[%evp 19,83,14,19,-2,0,0,32,-25,32,-37,4,4,20,8,22,18,24,27,29,6,6,11,20,0,0,0,0,0,3,0,0,0,0,0,30,0,0,0,1,1,1,2,8,5,16,0,0,0,0,0,0,0,0,0,0,0,0,0,0,0,0,0,0,0,0,0]} 1. e4 c5 2. Nf3 e6 3. g3 Nc6 4. Bg2 Nf6 5. Nc3 a6 6. O-O d6 7. d4 cxd4 8. Nxd4 Bd7 9. Nce2 Be7 10. c4 O-O 11. a4 {B80: Sicilian Scheveningen: 6 g3 and 6 Be3, including English Attack.} Qc7 12. b3 Rfd8 13. h3 {[#]} ({Better is} 13. Be3 $14) 13... Be8 $146 (13... e5 $11 14. Nxc6 bxc6) ({Predecessor:} 13... d5 14. cxd5 exd5 15. exd5 Nb4 16. Bf4 Bd6 17. Rc1 Qb8 18. Bg5 Be5 19. Qd2 a5 {0-1 (52) Diaz Castro,S (2290)-Henderson de la Fuente,L (2487) Linares 2019}) 14. f4 (14. Bb2 $14) 14... d5 15. cxd5 exd5 16. e5 Ne4 {[#] White must now prevent ...Nxd4.} 17. Be3 Nxd4 18. Bxd4 b5 19. Kh2 bxa4 20. bxa4 Rac8 21. Qd3 Qc4 22. Qe3 Bxa4 23. Rfc1 Qb3 24. Qxb3 Bxb3 25. Rxa6 Bc4 26. Ra7 {Strongly threatening Rxc4.} Bb4 27. Ng1 Nc5 {The position is equal.} 28. Rd1 Nb3 (28... Rb8 {feels hotter.} 29. Nf3 Be2 30. Rb1 Ne6 31. Ra4 Bf8) 29. Bb6 Bc5 30. Bxc5 Rxc5 31. Nf3 h6 32. Nd4 Nxd4 33. Rxd4 Rb5 34. Ra1 Rb2 35. Rad1 {[#] Rxc4! is the strong threat.} Ra8 {And now ...Raa2 would win.} 36. R1d2 Raa2 37. Rxb2 Rxb2 38. Kg1 Rb1+ 39. Kf2 Rb2+ 40. Kg1 Rb1+ 41. Kf2 Rb2+ 42. Kg1 {A rather calm draw.  Weighted Error Value: White=0.13/Black=0.09} 1/2-1/2

[Event "80th GEO-ch 2021"]
[Site "Tbilisi"]
[Date "2021.04.21"]
[Round "2.2"]
[White "Kacharava, Nikolozi"]
[Black "Petriashvili, Nikoloz"]
[Result "1/2-1/2"]
[WhiteElo "2443"]
[BlackElo "2425"]
[Annotator "TA"]
[PlyCount "60"]
[EventDate "2021.04.20"]
[EventType "tourn"]
[EventCountry "GEO"]
[SourceTitle "playchess.com"]
[Source "ChessBase"]
[SourceQuality "1"]

{[%evp 22,60,2,10,22,-8,11,8,24,21,37,21,19,33,52,12,24,0,0,-11,0,0,0,0,0,0,0,-19,0,0,0,0,0,0,0,0,0,0,0,0,0]} 1. e4 c5 2. Nf3 Nc6 3. d4 cxd4 4. Nxd4 Nf6 5. Nc3 e5 6. Ndb5 d6 7. Nd5 Nxd5 8. exd5 Nb8 9. a4 Be7 10. Be2 O-O 11. O-O a6 12. Na3 Nd7 {B33: Sicilian: Pelikan and Sveshnikov Variations.} 13. Kh1 Nc5 14. Nc4 {[#]} Nxa4 $146 {[%mdl 64] [#] Remove Defender, Decoy} ({Predecessor:} 14... a5 15. f4 exf4 16. Bxf4 f5 17. Bd3 b6 18. Qe2 Ba6 19. Nxb6 Nxd3 20. cxd3 Qxb6 21. Qxe7 Bxd3 {½-½ (30) Vachier Lagrave,M (2779)-Carlsen,M (2875) Stavanger 2019}) 15. Rxa4 {Ra1 is the strong threat.} b5 {[%mdl 64] Double Attack} 16. Ra3 {Black must now prevent Na5.} bxc4 17. Bxc4 a5 18. Bd2 (18. b4 $5) 18... Bd7 19. Qe2 a4 {The position is equal.} 20. Rfa1 Rb8 21. b3 axb3 22. cxb3 Bg5 23. Ba5 Qc8 24. Bc3 {[#]} Bb5 $1 25. h3 Bd8 26. Bd2 Bxc4 27. bxc4 Rb2 28. R3a2 Qb7 29. Qd3 Rxa2 30. Rxa2 Bb6 {Weighted Error Value: White=0.09/Black=0.05} 1/2-1/2

[Event "80th GEO-ch 2021"]
[Site "Tbilisi"]
[Date "2021.04.21"]
[Round "2.3"]
[White "Gagunashvili, Merab"]
[Black "Quparadze, Giga"]
[Result "1/2-1/2"]
[WhiteElo "2584"]
[BlackElo "2463"]
[Annotator "TA"]
[PlyCount "116"]
[EventDate "2021.04.20"]
[EventType "tourn"]
[EventCountry "GEO"]
[SourceTitle "playchess.com"]
[Source "ChessBase"]
[SourceQuality "1"]

{[%evp 9,116,27,19,29,76,16,31,-19,87,103,93,6,11,13,21,-10,0,0,0,0,0,-11,-7,-17,0,-22,-16,-20,-16,-16,0,-22,-2,0,0,0,46,46,75,66,68,84,77,56,73,24,77,55,66,12,4,11,3,8,37,37,29,22,43,10,14,14,74,7,2,0,0,0,0,0,2,0,0,0,0,-35,-31,-35,-35,-35,-35,-35,-35,-34,-35,-35,-35,-27,-35,-34,-34,-33,-33,-33,0,-211,-198,-373,0,-162,0,-353,8,0,0,0,0,0,0]} 1. c4 e6 2. Nc3 Bb4 3. Nf3 Nf6 4. Qc2 b6 5. e4 Bb7 6. e5 {A17: English Opening: 1...Nf6 with ...Bb4.} Ng4 {White should prevent ...Bxf3.} 7. h3 (7. d4 $16) 7... Nh6 $1 $11 8. a3 {[#] White is slightly better.} Be7 $146 (8... Bxf3 $11 9. axb4 Bb7) ({Predecessor:} 8... Bxc3 9. dxc3 Bxf3 10. Bxh6 gxh6 11. gxf3 f6 12. Qd2 Nc6 13. Qxh6 Nxe5 14. f4 Nf7 {½-½ (51) Shuraev,A (2390)-Pilavov,G (2550) Sochi 2006}) 9. d4 $16 Nf5 10. Bd3 (10. d5 $16) 10... Bxf3 $11 11. Bxf5 Nc6 {[#]} 12. Be3 $1 exf5 (12... Bxg2 13. Rg1) 13. gxf3 f4 {[%cal Rf4e3]} 14. Bxf4 Nxd4 {[%mdl 64] Double Attack} 15. Qe4 (15. Qd3 $5 {[%cal Rd3d4]} Ne6 16. Bg3 $11) 15... Ne6 16. Be3 O-O 17. f4 f6 18. O-O-O {Hoping for f5.} fxe5 19. fxe5 Bc5 20. Rhg1 Qe8 21. Rg4 c6 22. Qd3 Bxe3+ (22... Rd8 {seems wilder.} 23. Ne4 Be7 24. f4 Qh5 25. Qf1 Qf5) 23. Qxe3 Qf7 24. Ne4 {[%cal Bc3e4,Be4f6,Bf6d5][%mdl 32]} Kh8 25. f4 Qe7 ({Don't go for} 25... Nxf4 $2 26. Nd6 $18) 26. Rf1 g6 27. Nf6 Ng7 (27... Nc5 $1 $11 {remains equal.} 28. Rg3 d6) 28. Qd3 Nf5 29. Rd1 (29. Rg5 $14) 29... d6 30. Qc3 Rad8 31. Rgg1 c5 32. Nd5 Qg7 33. e6 {Strongly threatening e7.} Rde8 34. Rge1 Qxc3+ 35. bxc3 Kg7 (35... Ne7 $11) 36. Rd2 (36. e7 $1 $16 {[%cal Re7f8]} Rf7 37. Kc2) 36... Ne7 37. Re4 Nxd5 38. cxd5 {[%mdl 4096] Endgame KRR-KRR} Rf5 39. c4 Kf6 40. a4 Ke7 41. Rg2 Ref8 42. Rg4 a6 43. Kc2 b5 44. axb5 axb5 45. cxb5 Rxd5 46. Rg1 {With the idea Ra1.} Ra8 47. Rb1 Rf5 {...d5 is the strong threat.} 48. b6 {[%cal Bb5b6,Bb6b7][%mdl 32]} d5 49. Re3 Rxf4 50. b7 Rb8 51. Rb6 $1 h5 {aiming for ...Rb4.} 52. Ra3 $2 (52. Reb3 $11 {and White is okay.}) 52... Rb4 $1 $19 {[%cal Rb4b6]} 53. Rb3 $2 (53. Rxb4 cxb4 54. Ra7) 53... Rc4+ $2 (53... Rxb3 $19 54. Rxb3 g5) 54. Rc3 $2 {[#]} (54. Kd1 $11 {and White stays safe.}) 54... Rb4 $2 (54... Rxc3+ $1 55. Kxc3 g5) 55. Rb3 $1 {[%cal Rb3b4] [#]} Ra4 (55... Rxb3 $1 $19 56. Kxb3 g5) 56. Rf3 {Black must now prevent Rf7+.The position is equal.} Rc4+ 57. Kd2 Rd4+ 58. Kc2 {And now Rf7+ would win.} Rc4+ {Weighted Error Value: White=0.30/Black=0.34} 1/2-1/2

[Event "80th GEO-ch 2021"]
[Site "Tbilisi"]
[Date "2021.04.21"]
[Round "2.5"]
[White "Pantsulaia, Levan"]
[Black "Lortkipanidze, Nodar"]
[Result "1-0"]
[WhiteElo "2553"]
[BlackElo "2416"]
[Annotator "RC"]
[PlyCount "55"]
[EventDate "2021.04.20"]
[EventType "tourn"]
[EventCountry "GEO"]
[SourceTitle "playchess.com"]
[Source "ChessBase"]
[SourceQuality "1"]
[TimeControl "5400+30"]

1. g3 {[%emt 0:00:13]} g6 {[%emt 0:00:02]} 2. Bg2 {[%emt 0:00:35]} Bg7 {[%emt 0:00:09]} 3. c4 {[%emt 0:00:15]} d6 {[%emt 0:00:24]} 4. Nc3 {[%emt 0:01:19]} Nc6 {[%emt 0:00:21]} 5. Nf3 {[%emt 0:00:27]} Nf6 {[%emt 0:00:28]} 6. d4 {[%emt 0:00:36]} O-O {[%emt 0:00:11]} 7. O-O {[%emt 0:00:07]} e5 {[%emt 0:00:24]} 8. dxe5 {[%emt 0:00:17]} Nxe5 {[%emt 0:00:08]} 9. Nxe5 {[%emt 0:02:06]} dxe5 {[%emt 0:00:07]} 10. Qa4 {[%emt 0:00:18]} c6 {[%emt 0:00:26]} 11. Be3 {[%emt 0:00:30]} Qc7 {[%emt 0:03:00]} 12. Rfd1 {[%emt 0:09:48]} Be6 {[%emt 0:02:52]} 13. h3 {[%emt 1:19:59]} Nd7 {[%emt 0:02:41]} 14. b3 {[%emt 0:00:00]} f5 {[%emt 0:00:48]} 15. Rac1 {[%emt 0:00:00]} f4 {[%emt 0:06:54]} 16. Bd2 {[%emt 0:00:00]} Qb6 {[%emt 0:03:56]} 17. gxf4 {[%emt 0:00:00]} exf4 {[%emt 0:00:21]} 18. Qa3 {[%emt 0:00:00]} f3 {[%emt 0:08:28]} 19. exf3 {[%emt 0:00:00]} Rae8 {[%emt 0:07:08]} 20. Ne4 {[%emt 0:00:00]} Qc7 {[%emt 0:09:15]} 21. Qd6 {[%emt 0:00:00]} Qc8 {[%emt 0:05:33]} 22. Qg3 {[%emt 0:00:00]} Be5 {[%emt 0:01:07]} 23. Qh4 {[%emt 0:00:00]} Rf5 {[%emt 0:05:45]} 24. f4 {[%emt 0:00:00]} Rh5 {[%emt 0:09:31]} 25. Qg3 {[%emt 0:00:00]} Bc7 {[%emt 0:00:31]} 26. Bc3 {[%emt 0:00:00]} Rf8 {[%emt 0:03:28]} 27. Nd6 {[%emt 0:00:00]} Qb8 {[%emt 0:00:52]} 28. Qe3 {[%emt 0:00:00]} 1-0